000 02453nam a2200301 4500
001 113865
003 DR-UNIBE
005 20250711133343.0
008 250711b2014 dr ||||| |||| 00| 0 spa d
020 _a9789945457483
040 _aBIBLIOTECA UNIBE
_cBIBLIOTECA UNIBE
_bspa
041 _aspa
082 _222
_aRD 355.0097293 U92h
100 1 _aUtrera, Cipriano de, Fray,
_d1886-1958
_eautor
_9107645
245 1 0 _aHistoria militar de Santo Domingo :
_b(documentos y noticias) /
_cCipriano de Utrera
250 _aSegunda edición
260 _aSanto Domingo :
_bSociedad Dominicana de Bibliófilos, Inc. :
_bBanReservas,
_c2014
300 _a3 volúmenes ;
_c23 cm.
490 1 _aColección Bibliófilos-Banreservas ;
_v10
500 _aEn biblioteca volumen 1. Primera edición, Ciudad Trujillo, D.S.D. República Dominicana, 1947; Segunda edición Bibliófilos-Banreservas, Santo Domingo, República Dominicana, 2014.
505 0 _aPalabras liminares | Exordio | Presentación | Advertencia | Introducción | Libro I. Capítulo preliminar. Gobernación de la isla en el siglo XVI | Capítulo I. Gobierno de don Bartolomé Colón | Capítulo II. Gobiernos de Fray Francisco de Bobadilla y Fray Nicolás de Ovando | Capítulo III. Gobiernos de Don Diego Colón y de los jueces de apelación | Capítulo IV. Gobiernos de los PP. Jerónimos y Alonso de Zuazo y de Rodrigo de Figueroa | Capítulo V. Gobiernos de la Real Audiencia y de Don Diego Colón | Capítulo VI, Gobierno de la Audiencia sin presidente (1523-1528) | Capítulo VII. Presidencias de Sebastián Ramírez (1528-1531) y de Alonso de Fuenmayor (1534-1543) | Capítulo VIII. Presidencia de Alonso de Fuenmayor (1534-1543) | Capítulo IX. Presidencia de Alonso de Fuenmayor (1534-1543) (continuación) | Capítulo X. Presidencia de Alonso de Fuenmayor (1534-1543) (continuación) | Capítulo XI. Presidencia de Alonso de Fuenmayor (1534-1543) (continuación) | Capítulo XII. Presidencia interina del licenciado Alonso López de Cerrato (1544-1548) | Capítulo XIII. Presidencia interina del oidor Alonso de Grajeda
651 7 _2lemb
_aRepública Dominicana
_xHistoria militar
_zSiglo XVI
_9197253
700 1 _aArmando, Juan Freddy,
_d1951-
_ecoordinador
_9145515
700 1 _aMella, Mariano
_ecoordinador
_956191
700 1 _aRamírez Paniagua, Enrique A.
_epalabras liminares
_9197254
700 1 _aRodríguez Morel, Genaro
_epresentación
942 _2ddc
_cBK
999 _c113865
_d113865